La autonomía municipal: herencia que aun no se sabe utilizar /
Kaydedildi:
| Yazar: | |
|---|---|
| Diğer Yazarlar: | , , |
| Materyal Türü: | Metin |
| Etiketler: |
Etiketle
Etiket eklenmemiş, İlk siz ekleyin!
|
MARC
| LEADER | 00000 a a2200000 04500 | ||
|---|---|---|---|
| 001 | 45982 | ||
| 003 | |||
| 040 | |||
| 100 | |a Cuadra, Scarlet | ||
| 245 | |a La autonomía municipal: |b herencia que aun no se sabe utilizar / |c Scarlet Cuadra, Guillermo Fernández A., Helge Fischer, Matías Valenzuela | ||
| 700 | |a Fernández A., Guillermo | ||
| 700 | |a Fischer, Helge | ||
| 700 | |a Valenzuela, Matías | ||
| 773 | |g volumen13, número358 ( , 1993), páginas 11-21 : fotos | ||
| 999 | |c 26901 |d 26901 | ||
